000
00462nam a2200157Ia 4500
008
100122s9999 xx 000 0 und d
082
_b
42439
_a
823
100
_a
जोशी पद्माकर
245
_a
कामिनी
260
_b
श्रीविद्या प्रकाशन
_c
1987
300
_a
90
630
_a
कामिनी
700
_a
प्रीतम अमृृता
730
_a
कामिनी
942
_c
BOOK
999
_c
422848
_d
422845